000 00795cam a22002651 4500
001 31699
003 BD-RjUL
005 20211209051734.0
008 140421s1952 enk 001 0 eng d
035 _a(BD-RjUL)31787
035 _a(OCoLC)520391
040 _aDLC
_cOAU
_dOCoLC
_dPPLT
_dUk
_dDLC
_dBD-RjUL
_beng
041 _aeng
082 0 0 _a274.2
_bDAE 1952
100 1 _aDavies, Horton.
_996466
245 1 4 _aThe English Free Churches /
_c Horton Davies
260 _aLondon ;
_aNew York :
_bOxford University Press,
_c1952.
300 _a208 p. ;
_c17 cm.
504 _aIncludes Index
650 0 _aDissenters, Religious
_zEngland.
_996467
942 _2ddc
_cBK
999 _c31699
_d31699